| Tag |
First Indicator |
Second Indicator |
Subfields |
| LEADER |
00000cam a22000001a 4500 |
| 001 |
in00003108721 |
| 005 |
20190402194759.0 |
| 006 |
m o d |
| 007 |
cr un mmmapmmp |
| 008 |
071204s1932 dcuabd o f000 0 eng d |
| 035 |
|
|
|a cis2004177242
|
| 040 |
|
|
|a UMI
|c UMI
|d UtOrBLW
|
| 043 |
|
|
|a n-us---
|
| 099 |
|
|
|a ProQuest Serial Set Number 8858-24 S.doc.92/35
|
| 110 |
1 |
|
|a United States.
|b Federal Trade Commission.
|
| 245 |
1 |
0 |
|a Utility corporations. Letter from the Chairman of the Federal Trade Commission transmitting in response to Senate Resolution No. 83 70th Congress, a monthly report on the electric power and gas utilities inquiry.
|
| 246 |
1 |
|
|a Investigation of utility companies, pt. 41, Tide Water Power Co., Florida Power Corp., Nebraska Power Co
|
| 264 |
|
1 |
|a Washington :
|b [publisher not identified],
|c 1932.
|
| 300 |
|
|
|a 1 online resource.
|
| 336 |
|
|
|a text
|b txt
|2 rdacontent
|
| 337 |
|
|
|a computer
|b c
|2 rdamedia
|
| 338 |
|
|
|a online resource
|b cr
|2 rdacarrier
|
| 490 |
0 |
|
|a S. Doc. 92-35
|
| 500 |
|
|
|a Includes illustrations.
|
| 500 |
|
|
|a Record is based on bibliographic data in ProQuest U.S. Serial Set Digital Collection (last viewed Dec. 2007). Reuse except for individual research requires license from ProQuest, LLC.
|
| 510 |
3 |
|
|a ProQuest U.S. Serial Set Digital Collection
|
| 500 |
|
|
|a Electronic resource.
|
| 650 |
|
0 |
|a Governmental investigations
|z United States.
|
| 650 |
|
0 |
|a Electric power-plants.
|
| 650 |
|
0 |
|a Water-supply.
|
| 655 |
|
7 |
|a Electronic books.
|2 local
|
| 710 |
2 |
|
|a ProQuest (Firm)
|
| 830 |
|
0 |
|a United States congressional serial set.
|
| 856 |
4 |
0 |
|u http://proxy.library.tamu.edu/login?url=http://congressional.proquest.com/congcomp/getdoc?SERIAL-SET-ID=8858-24+S.doc.92/35
|z Connect to the full text of this electronic book
|t 0
|
| 999 |
|
|
|a MARS
|
| 999 |
f |
f |
|s 9db0a6a4-2f5d-3193-8ff6-e4b72dd842e5
|i 6b3e1e74-3d73-3613-b498-7826d8cb1b8f
|t 0
|
| 952 |
f |
f |
|a Texas A&M University
|b College Station
|c Electronic Resources
|d Available Online
|t 0
|e ProQuest Serial Set Number 8858-24 S.doc.92/35
|h Other scheme
|
| 998 |
f |
f |
|a ProQuest Serial Set Number 8858-24 S.doc.92/35
|t 0
|l Available Online
|